The International Valuation Standards Committee, its current activities and relevance within the African context (Record no. 69503)
[ view plain ]
| 000 -LEADER | |
|---|---|
| fixed length control field | 00407cam a2200121 4500 |
| 008 - FIXED-LENGTH DATA ELEMENTS--GENERAL INFORMATION | |
| fixed length control field | 020212n2001 000 0 eng u |
| 035 ## - SYSTEM CONTROL NUMBER | |
| System control number | (Sirsi) u116697 |
| 100 ## - MAIN ENTRY--PERSONAL NAME | |
| Personal name | Marten, R.S. |
| 245 #4 - TITLE STATEMENT | |
| Title | The International Valuation Standards Committee, its current activities and relevance within the African context |
| 260 ## - PUBLICATION, DISTRIBUTION, ETC. | |
| Date of publication, distribution, etc. | 2001 |
| 490 ## - SERIES STATEMENT | |
| Series statement | The South African Valuer |
| Volume/sequential designation | (68) December 2001, 5-10(6) |
| 942 ## - ADDED ENTRY ELEMENTS (KOHA) | |
| Suppress in OPAC | 0 |
No items available.